000 00275nam a22001217a 4500
008 170601b xxu||||| |||| 00| 0 eng d
041 _aeng
080 _a94(4)
100 _a17S
101 _aSHH
245 _aTHE ERA OF THE FRENCH REVOLUTION
_cGERSHOY, L
942 _2udc
_cBK
999 _c15188
_d15188